Sistema de alimentación mecanizada para dosificar resinas para extrusoras de PVC granulado

Enregistré dans:
Détails bibliographiques
Auteur principal: Rojas Quesada, Mariela
Autres auteurs: Solís Campos, Jennifer
Format: Livre
Langue:Spanish
Publié: [San José, Costa Rica] 2015
Sujets:
Tags: Ajouter un tag
Pas de tags, Soyez le premier à ajouter un tag!

MARC

LEADER 00000nam a22000007a 4500
003 012147
005 20221231143907.0
008 150528b2015 cr a|||| |||| 00| 0 spa d
040 |c cru CEDI  
090 |a TFG 7312 
100 |9 795  |a Rojas Quesada, Mariela 
245 |a Sistema de alimentación mecanizada para dosificar resinas para extrusoras de PVC granulado  
260 |a  [San José, Costa Rica]  |c 2015 
500 |a Proyecto de graduación (licenciatura en ingeniería mecánica)--Universidad de Costa Rica. Facultad de Ingeniería. Escuela de Ingeniería Mecánica 
650 |x POLIMEROS  |x NORMAS  |9 797 
700 |9 796  |a Solís Campos, Jennifer 
942 |c TFG 
999 |c 13852  |d 13852